| 000 | 00421nam a22001697a 4500 | ||
|---|---|---|---|
| 003 | CEME | ||
| 005 | 20210628203613.0 | ||
| 008 | 210203b xxu||||| |||| 00| 0 eng d | ||
| 040 | _c. | ||
| 082 | _a891.4393 QAS | ||
| 100 |
_aAhmed Nadeem Qasmi, Qasmi, Ahmed Nadeem _966401 |
||
| 245 | _aTaloo-o-garoob | ||
| 260 |
_aLAHORE _bASATEER _c1995 |
||
| 300 | _a151P | ||
| 650 |
_aURDU ADAB-FICTION _965375 |
||
| 942 |
_cBK _2ddc |
||
| 999 |
_c574476 _d574476 |
||